[Event "Santiago Ladies 3rd"]
[Site "Santiago de Chile"]
[Date "2019.08.11"]
[Round "6.3"]
[White "Romero Troncoso, Liset Anais"]
[Black "Araya Munoz, Rocio Amalia"]
[Result "1-0"]
[WhiteElo "1657"]
[BlackElo "1135"]
[PlyCount "43"]
[EventDate "2019.08.10"]
[EventType "swiss"]
[EventRounds "6"]
[EventCountry "CHI"]
[SourceTitle "EXT 2024"]
[Source "ChessBase"]
[SourceDate "2023.10.10"]
[SourceVersion "1"]
[SourceVersionDate "2023.10.10"]
[SourceQuality "1"]

1. e4 e5 2. Nf3 Nc6 3. d4 exd4 4. Bc4 Bc5 5. Ng5 Ne5 6. Bxf7+ Nxf7 7. Nxf7 Bb4+ 8. c3 dxc3 9. bxc3 Bxc3+ 10. Nxc3 Kxf7 11. Qd5+ Kf8 12. e5 Ne7 13. Ba3 Ke8 14. Qf3 Rf8 15. Qh5+ g6 16. Qxh7 Rf7 17. Qh8+ Rf8 18. Qh6 c6 19. Bd6 Rg8 20. 0-0 Nf5 21. Qh7 Ne7 22. Bxe7 1-0

[Event "Pan American-ch U18 Girls"]
[Site "Guayaquil"]
[Date "2019.07.27"]
[Round "9"]
[White "Araya Munoz, Rocio Amalia"]
[Black "Pacheco Jimenez, Yesenia Camila"]
[Result "0-1"]
[WhiteElo "1135"]
[BlackElo "1768"]
[PlyCount "44"]
[EventDate "2019.07.21"]
[EventType "swiss"]
[EventRounds "9"]
[EventCountry "ECU"]
[SourceTitle "EXT 2020"]
[Source "ChessBase"]
[SourceDate "2019.10.17"]
[SourceVersion "1"]
[SourceVersionDate "2019.10.17"]
[SourceQuality "1"]

1. d4 Nf6 2. Bg5 g6 3. Bxf6 exf6 4. e3 Bg7 5. Bc4 d5 6. Bb3 0-0 7. h4 h5 8. Ne2 Re8 9. Nf4 c6 10. c4 Bg4 11. Qd2 Bh6 12. Nh3 f5 13. g3 Bf3 14. Rg1 Bg4 15. Rh1 Qd6 16. Nf4 Bxf4 17. gxf4 Qxf4 18. cxd5 Qf3 19. Rg1 f4 20. Rxg4 fxe3 21. Rxg6+ fxg6 22. dxc6+ Kh7 0-1

[Event "Santiago (Women) op"]
[Site "Santiago de Chile"]
[Date "2018.11.25"]
[Round "4.4"]
[White "Gonzalez Delgadillo, Mackarena"]
[Black "Araya Munoz, Rocio Amalia"]
[Result "1-0"]
[WhiteElo "1598"]
[BlackElo "1069"]
[PlyCount "59"]
[EventDate "2018.11.24"]
[EventType "swiss"]
[EventRounds "6"]
[EventCountry "CHI"]
[SourceTitle "EXT 2024"]
[Source "ChessBase"]
[SourceDate "2023.10.10"]
[SourceVersion "1"]
[SourceVersionDate "2023.10.10"]
[SourceQuality "1"]

1. d4 d5 2. c4 c6 3. Nc3 Nf6 4. Nf3 g6 5. Bg5 Nbd7 6. h3 Bg7 7. e3 0-0 8. Be2 Qb6 9. b3 Qb4 10. Qd2 e6 11. 0-0 b6 12. Ne1 Ba6 13. Nc2 Qe7 14. a3 Qe8 15. Rab1 Rb8 16. Bf4 e5 17. Bh2 Rd8 18. Rfe1 Ne4 19. Qd3 exd4 20. exd4 Ndf6 21. Bg4 Nxg4 22. hxg4 Qd7 23. Nxe4 dxe4 24. Rxe4 Rc8 25. Rbe1 b5 26. Nb4 bxc4 27. bxc4 Bb7 28. Re7 Qxg4 29. Rxb7 Bxd4 30. Re4 1-0